Sanat - "Ukkometso" - Pate Mustajärvi - Statistics

Yleistilastot
  • Tätä visaa on pelattu 301 kertaa
    267 viimeisimmän päivityksen jälkeen
  • Keskiarvotulos 142 / 217
Vastaustilastot
Vastaus % Oikein
ku
95%
ja
94%
se
93%
kun
89%
jo
88%
Ukkometsoon
85%
lätkää
84%
iskee
83%
jätkää
83%
joka
83%
pelaa
83%
Suomi
83%
kaljaa
79%
koneeseen
79%
kielellä
78%
on
78%
On
78%
huutaa
77%
lailla
77%
suomen
77%
perkeleen
76%
me
73%
äijät
70%
alla
69%
sen
69%
kuusen
68%
paikallaan
66%
kuin
65%
mökki
65%
siinä
65%
tullut
65%
vielä
65%
seisoo
64%
kallellaan
62%
oo
62%
kohta
61%
ei
60%
en
60%
tullaan
60%
ohi
59%
aina
58%
mul
58%
niin
58%
Katto
57%
kuljen
57%
taas
57%
kolpakko
56%
ennenkin
55%
jano
55%
lompakko
55%
tiedän
55%
hakemaan
54%
kova
54%
meitä
54%
paksu
54%
tarjoilija
54%
Ukkometson
54%
humalaan
53%
kylmä
53%
mulle
53%
oon
53%
Hei
52%
jumalauta
52%
tuokaa
52%
vain
52%
yhtä
52%
kerran
51%
saa
50%
eletään
49%
hiljaa
49%
juhlimaan
49%
Herran
48%
juodaan
48%
pelko
48%
povi
48%
hovi
47%
kamarilta
47%
ilta
46%
katsellaan
46%
Suomenniemellä
46%
Liisalla
45%
turhaan
45%
edessä
44%
pakko
44%
pois
44%
kumartaa
43%
viinaa
43%
Liisaa
41%
no
41%
No
41%
ostokeskuksen
41%
putkaan
40%
yhden
38%
kuninkaitten
36%
laulu
36%
asustaa
34%
itkee
34%
jotka
34%
onnen
34%
Pohjantähden
34%
enkeleistä
33%
kyyneleen
33%
laittaa
33%
meistä
33%
sitten
33%
laulun
32%
soimaan
31%
Reiska
25%
kertoi
16%
Ehtoja vastaavia visoja ei löytynyt
Tulosjakauma
Jokaisen tuloksen saaneiden osuus
Persentiili vastausten määrän mukaan
Tuloshistoriasi
Et ole pelannut tätä visaa sen viimeisimmän päivityksen jälkeen